[Event "29. Schweinfurt Open"]
[Site "Schweinfurt"]
[Date "2019.06.22"]
[Round "4.19"]
[White "Markwardt, Sven"]
[Black "Lee, Kwan Ho"]
[Result "1-0"]
[WhiteElo "1729"]
[BlackElo "1553"]
[PlyCount "87"]
[EventDate "2019.??.??"]
[WhiteTeam "SK Schweinfurt 2000"]
[BlackTeam "SV Hockenheim"]

1. Nf3 Nf6 2. c4 g6 3. b4 Bg7 4. Bb2 d6 5. d4 O-O 6. Nbd2 a5 7. a3 Bd7 8. e4 b5
9. cxb5 c6 10. bxc6 Nxc6 11. b5 Na7 12. a4 Rc8 13. Bd3 Bg4 14. O-O Nd7 15. h3
Bxf3 16. Nxf3 Nb6 17. Qb3 d5 18. Rac1 dxe4 19. Bxe4 Qd6 20. Ne5 Qe6 21. d5 Qd6
22. f4 Rxc1 23. Rxc1 Rc8 24. Ba3 Rxc1+ 25. Bxc1 Qc5+ 26. Be3 Qd6 27. Nc4 Nxc4
28. Qxc4 Qb8 29. b6 Nc8 30. Qc7 Qxc7 31. bxc7 Bf8 32. Bd3 e6 33. dxe6 fxe6 34.
Ba6 Bd6 35. Bxc8 Bxc7 36. Bxe6+ Kg7 37. Bd4+ Kf8 38. g3 Ke7 39. Bg8 h6 40. Kf2
g5 41. f5 Kf8 42. Bc4 Bd8 43. f6 h5 44. Bc5+ 1-0

[Event "29. Schweinfurt Open"]
[Site "Schweinfurt"]
[Date "2019.06.22"]
[Round "4.20"]
[White "Nicola, Marius"]
[Black "Wilm, Konrad"]
[Result "1/2-1/2"]
[WhiteElo "1505"]
[BlackElo "1735"]
[PlyCount "58"]
[EventDate "2019.??.??"]
[WhiteTeam "SK Schweinfurt 2000"]
[BlackTeam "SK Arnstein"]

1. e4 e5 2. Nf3 Nc6 3. Bc4 Bc5 4. b4 Bxb4 5. c3 Ba5 6. d4 Bb6 7. O-O h6 8. Nxe5
Nxe5 9. dxe5 Ne7 10. Qg4 Ng6 11. Bxf7+ Kxf7 12. Qf5+ Kg8 13. Qxg6 d6 14. exd6
Qxd6 15. Qxd6 cxd6 16. Rd1 Bc7 17. Ba3 Be6 18. Bxd6 Rd8 19. e5 Ba5 20. Na3 Bxc3
21. Rac1 Bb2 22. Rb1 Bxa3 23. Bxa3 Rxd1+ 24. Rxd1 Kf7 25. f4 Rc8 26. Rb1 Bd5
27. Rd1 Bc6 28. Bd6 Ke6 29. g4 Kf7 1/2-1/2

[Event "29. Schweinfurt Open"]
[Site "Schweinfurt"]
[Date "2019.06.22"]
[Round "4.21"]
[White "Maar, Felicitas"]
[Black "Drewes, Thomas"]
[Result "1/2-1/2"]
[WhiteElo "1609"]
[BlackElo "1740"]
[PlyCount "40"]
[EventDate "2019.??.??"]
[WhiteTeam "Mündener SC"]
[BlackTeam "SV Würzburg"]

1. e4 e5 2. Nf3 d6 3. Nc3 Nf6 4. Bc4 Be7 5. O-O O-O 6. d3 c6 7. a4 a5 8. d4
exd4 9. Nxd4 Na6 10. Re1 Nc7 11. Bf4 Ne6 12. Nxe6 Bxe6 13. Bxe6 fxe6 14. e5 Nd5
15. Nxd5 exd5 16. Qg4 dxe5 17. Rxe5 Rxf4 18. Qxf4 Bd6 19. Rae1 Bxe5 20. Qxe5
Qd7 1/2-1/2

[Event "29. Schweinfurt Open"]
[Site "Schweinfurt"]
[Date "2019.06.22"]
[Round "4.22"]
[White "Brux, Juergen"]
[Black "Leichum, Engelbert"]
[Result "1-0"]
[WhiteElo "1731"]
[BlackElo "1601"]
[PlyCount "124"]
[EventDate "2019.??.??"]
[WhiteTeam "DT Münnerstadt"]
[BlackTeam "(vls) Frankfurt"]

1. d4 Nf6 2. c4 e5 3. d5 c6 4. dxc6 Nxc6 5. g3 Bc5 6. e3 d6 7. Bg2 e4 8. Ne2
Bg4 9. O-O Qd7 10. a3 Ne5 11. Qc2 Nf3+ 12. Kh1 Qf5 13. b4 Bb6 14. Bb2 Bh3 15.
Bxf6 Bxg2+ 16. Kxg2 gxf6 17. Nd2 Ng5 18. Nf4 h5 19. h4 Ne6 20. Qxe4 Qxe4+ 21.
Nxe4 Nxf4+ 22. exf4 Bc7 23. Nxf6+ Ke7 24. Nd5+ Kd7 25. Rfe1 Bd8 26. Rad1 Rg8
27. Kh3 Kc6 28. Ne7+ Bxe7 29. Rxe7 Rgf8 30. Rd5 f5 31. b5+ Kb6 32. Rxd6+ Ka5
33. Rxb7 Ka4 34. Ra6+ Kb3 35. c5 Rfe8 36. Rbxa7 Rad8 37. Rd6 Rxd6 38. cxd6 Rd8
39. d7 Kc4 40. a4 Kc5 41. Rb7 Kb4 42. b6 Ka5 43. Rc7 Kxb6 44. Rc8 Rxd7 45. Rh8
Ka5 46. Rxh5 Rd5 47. f3 Kxa4 48. g4 fxg4+ 49. Kxg4 Rd4 50. Re5 Rd1 51. f5 Rg1+
52. Kf4 Rh1 53. Kg5 Rg1+ 54. Kh6 Rg3 55. f4 Rg4 56. Re4+ Kb5 57. f6 Rxh4+ 58.
Kg7 Rg4+ 59. Kf8 Kc6 60. Ke7 Rh4 61. f7 Rh7 62. Ke8 Rh8+ 1-0

[Event "29. Schweinfurt Open"]
[Site "Schweinfurt"]
[Date "2019.06.22"]
[Round "4.23"]
[White "Cebulla, Martin"]
[Black "Senft, Katharina"]
[Result "1/2-1/2"]
[WhiteElo "1716"]
[BlackElo "1503"]
[PlyCount "69"]
[EventDate "2019.??.??"]
[WhiteTeam "SV Würzburg"]
[BlackTeam "SK Arnstein"]

1. c4 e6 2. Nc3 Bb4 3. Nf3 Nf6 4. a3 Bxc3 5. dxc3 O-O 6. Bg5 d6 7. e4 e5 8. Qc2
b6 9. O-O-O Bb7 10. Nxe5 Bxe4 11. Qd2 Re8 12. Ng4 Nbd7 13. f3 Bf5 14. Qf4 Bxg4
15. fxg4 Qe7 16. Bd3 Qe5 17. Rhf1 Qxf4+ 18. Rxf4 h6 19. Bxf6 Nxf6 20. Rdf1 Re3
21. Kd2 Rae8 22. R1f2 R8e7 23. h3 Nd7 24. b4 R3e5 25. h4 Nf6 26. Bf5 Ne4+ 27.
Bxe4 Rxe4 28. Kd3 Rxf4 29. Rxf4 Re5 30. Re4 f6 31. Kd4 Kf7 32. a4 Ke6 33. Rxe5+
fxe5+ 34. Ke4 c6 35. Ke3 1/2-1/2

[Event "29. Schweinfurt Open"]
[Site "Schweinfurt"]
[Date "2019.06.22"]
[Round "4.24"]
[White "Brodt, Andreas"]
[Black "Maar, Patricia"]
[Result "1-0"]
[WhiteElo "1696"]
[BlackElo "1446"]
[PlyCount "115"]
[EventDate "2019.??.??"]
[WhiteTeam "SK Schweinfurt 2000"]
[BlackTeam "Mündener SC"]

1. d4 Nf6 2. c4 g6 3. Nf3 Bg7 4. Nc3 e6 5. Bg5 O-O 6. h3 d5 7. e3 Nc6 8. a3 Ne7
9. Qc2 dxc4 10. Bxc4 Ned5 11. Nxd5 exd5 12. Bd3 Qd6 13. Bf4 Qe7 14. Bxc7 Bf5
15. Bxf5 gxf5 16. Qc5 Qxc5 17. dxc5 Rac8 18. Bd6 Rfd8 19. Nd4 Ne4 20. Nxf5 Bf8
21. b4 Nxd6 22. cxd6 Bxd6 23. O-O Kf8 24. Rac1 Be5 25. Rxc8 Rxc8 26. f4 Bb2 27.
a4 Bc1 28. Rd1 Rc3 29. Rxd5 Bxe3+ 30. Kf1 Bb6 31. a5 Bc7 32. g3 Ke8 33. Ke2 f6
34. Rb5 b6 35. axb6 axb6 36. Rd5 Kf7 37. Ne3 Kg6 38. Rd3 Rc6 39. f5+ Kg5 40.
Rd4 h5 41. h4+ Kh6 42. g4 Be5 43. Rd7 hxg4 44. Nxg4+ Kh5 45. Nxe5 fxe5 46. Re7
Rf6 47. Rxe5 Kxh4 48. Rb5 Kg4 49. Kd3 Kf4 50. Kc4 Ke4 51. Kb3 Kd4 52. Ka4 Kc4
53. Re5 Kd4 54. Re6 Rxf5 55. Rxb6 Rd5 56. Rc6 Kd3 57. b5 Kd4 58. Ka5 1-0

[Event "29. Schweinfurt Open"]
[Site "Schweinfurt"]
[Date "2019.06.22"]
[Round "4.25"]
[White "Westerhoff, Ralf"]
[Black "Reichert, Claudia"]
[Result "1/2-1/2"]
[WhiteElo "1487"]
[BlackElo "1682"]
[PlyCount "112"]
[EventDate "2019.??.??"]
[WhiteTeam "SV Kaponier Vechta"]
[BlackTeam "DT Münnerstadt"]

1. e4 e5 2. Nf3 Nc6 3. Bb5 a6 4. Ba4 Bc5 5. O-O Nf6 6. d3 h6 7. a3 b5 8. Bb3
O-O 9. Nc3 d6 10. Ne2 Bg4 11. Ng3 Nd4 12. Be3 Bxf3 13. gxf3 Nxb3 14. cxb3 Nd7
15. Kh1 Bxe3 16. fxe3 g6 17. d4 Qg5 18. Qe2 Rfe8 19. f4 Qh4 20. Rf2 exd4 21.
exd4 Nf6 22. Qf3 Qg4 23. Kg2 Rad8 24. Rc1 Rd7 25. Rc6 Ra8 26. Rfc2 Ra7 27. Qe3
Nh5 28. Rf2 Re7 29. h3 Qxg3+ 30. Qxg3 Nxg3 31. Kxg3 Rxe4 32. Rd2 Re3+ 33. Kg4
f5+ 34. Kh4 Rxb3 35. Rdc2 Rd3 36. Rxc7 Rxc7 37. Rxc7 Rxd4 38. Ra7 Rxf4+ 39. Kg3
Ra4 40. Rd7 Rd4 41. Ra7 Rd3+ 42. Kh4 Rb3 43. Rxa6 Rxb2 44. Rxd6 Rb3 45. Rxg6+
Kf7 46. Rxh6 Rxa3 47. Kg5 Rf3 48. h4 b4 49. Rb6 b3 50. h5 Rh3 51. h6 Rf3 52.
Rb7+ Kg8 53. Kg6 Rg3+ 54. Kxf5 Rh3 55. Kg5 Rf3 56. Kg4 Rf6 1/2-1/2

[Event "29. Schweinfurt Open"]
[Site "Schweinfurt"]
[Date "2019.06.22"]
[Round "4.26"]
[White "Braetz, Yannick"]
[Black "Neuhoff, Laertes"]
[Result "1-0"]
[WhiteElo "1669"]
[BlackElo "1424"]
[PlyCount "111"]
[EventDate "2019.??.??"]
[WhiteTeam "SK Schweinfurt 2000"]
[BlackTeam "SG Leipzig"]

1. e4 e5 2. Nf3 Nc6 3. Bc4 Bc5 4. c3 Nf6 5. d3 h6 6. Nbd2 d6 7. Bb3 Be6 8. Bc2
Qe7 9. b4 Bb6 10. a4 a5 11. b5 Nb8 12. h3 Nbd7 13. d4 exd4 14. cxd4 d5 15. e5
Ng8 16. Ba3 c5 17. bxc6 Qd8 18. cxd7+ Qxd7 19. Bd3 Ne7 20. Qb3 Ba7 21. O-O O-O
22. Bb5 Qd8 23. Rac1 Bd7 24. Bxe7 Qxe7 25. Rc7 Rfd8 26. Rfc1 Rac8 27. Bxd7 Rxc7
28. Rxc7 Rxd7 29. Rxd7 Qxd7 30. Qb5 Qc6 31. Qxc6 bxc6 32. Nb3 Bb6 33. Ne1 Kf8
34. Nd3 Ke7 35. Ndc5 Bxc5 36. Nxc5 g6 37. g4 g5 38. Nb7 Kd7 39. Nxa5 Kc7 40.
Nb3 Kb6 41. Nc5 Ka5 42. Kg2 Kb4 43. Kg3 Kc4 44. a5 Kb5 45. a6 Kb6 46. f4 Ka7
47. f5 Kb6 48. e6 fxe6 49. fxe6 Kc7 50. e7 Kb6 51. e8=Q Kb5 52. Qb8+ Ka5 53. a7
h5 54. Ne6 h4+ 55. Kg2 Ka6 56. a8=Q# 1-0

[Event "29. Schweinfurt Open"]
[Site "Schweinfurt"]
[Date "2019.06.22"]
[Round "4.27"]
[White "Roess, Jonas"]
[Black "Koehler, Michael"]
[Result "1/2-1/2"]
[WhiteElo "1478"]
[BlackElo "1625"]
[PlyCount "165"]
[EventDate "2019.??.??"]
[WhiteTeam "SC Knetzgau"]
[BlackTeam "SC Prichsenstadt"]

1. e4 e6 2. d4 d5 3. e5 c5 4. c3 Nc6 5. Nf3 Qb6 6. Bd3 cxd4 7. cxd4 Bd7 8. Nc3
Nxd4 9. Nxd4 Qxd4 10. O-O Qxe5 11. Re1 Qd6 12. Nb5 Qb6 13. Be3 Qd8 14. Bf4 Bb4
15. Bd6 Bxd6 16. Nxd6+ Kf8 17. Qb3 Qb6 18. Qa3 Ne7 19. Nf5 Qd8 20. Nd6 Bc6 21.
f4 Kg8 22. f5 Nxf5 23. Bxf5 exf5 24. Nxf5 h6 25. Qc3 Qf6 26. Qd3 g6 27. Ne7+
Kg7 28. Nxd5 Bxd5 29. Qxd5 Qb6+ 30. Kh1 Rad8 31. Qe5+ Kh7 32. Rf1 Rhf8 33. Rf6
Qd4 34. Qxd4 Rxd4 35. h3 Kg7 36. Rf2 Rfd8 37. Raf1 R8d7 38. Rf3 Rd2 39. Rb3 Re2
40. a3 b6 41. Rc1 Rdd2 42. Rc7 Rxg2 43. Rxa7 Rge2 44. Rg3 Rxb2 45. Rb7 Re1+ 46.
Rg1 Rxg1+ 47. Kxg1 Rb3 48. Kg2 Rxa3 49. Rxb6 Re3 50. h4 Re6 51. Rb1 Re7 52. Rf1
f5 53. h5 Rf7 54. hxg6 Kxg6 55. Rg1 Rg7 56. Kf3+ Kf6 57. Rh1 Rh7 58. Kf4 h5 59.
Rc1 Re7 60. Rh1 Re4+ 61. Kf3 Kg5 62. Rg1+ Rg4 63. Rh1 h4 64. Ra1 Rg3+ 65. Kf2
f4 66. Ra8 Kg4 67. Rg8+ Kh3 68. Rf8 Kg4 69. Rg8+ Kh3 70. Rf8 f3 71. Rf7 Kh2 72.
Rh7 h3 73. Rh8 Rg2+ 74. Kxf3 Rg3+ 75. Kf2 Rg2+ 76. Kf3 Ra2 77. Rg8 Ra3+ 78. Kf2
Ra2+ 79. Kf3 Kh1 80. Rh8 h2 81. Rg8 Ra1 82. Kf2 Rg1 83. Rh8 1/2-1/2

[Event "29. Schweinfurt Open"]
[Site "Schweinfurt"]
[Date "2019.06.22"]
[Round "4.28"]
[White "Roth, Ludwig"]
[Black "Ankenbrand, Franz"]
[Result "1-0"]
[WhiteElo "1562"]
[BlackElo "1360"]
[PlyCount "43"]
[EventDate "2019.??.??"]
[WhiteTeam "Spvgg Stetten"]
[BlackTeam "SF Zeiler Turm"]

1. e4 b6 2. d4 Bb7 3. Bd3 e6 4. Nc3 d6 5. Nge2 Nf6 6. O-O Be7 7. f4 O-O 8. Be3
Ba6 9. Bxa6 Nxa6 10. Ng3 c5 11. d5 Nc7 12. Qf3 a5 13. Rad1 Qd7 14. Rf2 b5 15.
dxe6 Qxe6 16. e5 b4 17. exf6 Bxf6 18. Nce4 Be7 19. f5 Qxa2 20. f6 gxf6 21. Nf5
Rfe8 22. Qg4+ 1-0

[Event "29. Schweinfurt Open"]
[Site "Schweinfurt"]
[Date "2019.06.22"]
[Round "4.29"]
[White "Mirring, Patrick"]
[Black "Loew, Leonid"]
[Result "1/2-1/2"]
[WhiteElo "1430"]
[BlackElo "1360"]
[PlyCount "65"]
[EventDate "2019.??.??"]
[WhiteTeam "SK Arnstein"]
[BlackTeam "Allersberger SC"]

1. Nf3 Nc6 2. e4 e5 3. Bc4 Nf6 4. d3 Bc5 5. c3 O-O 6. O-O d5 7. exd5 Nxd5 8.
Re1 f6 9. b4 Bb6 10. a4 a6 11. a5 Ba7 12. Bb2 Kh8 13. Nbd2 Nce7 14. d4 Ng6 15.
Ne4 h6 16. Bb3 f5 17. Ng3 e4 18. Ne5 Nxe5 19. dxe5 Nf4 20. Bc2 Qh4 21. c4 b6
22. axb6 Rd8 23. Qb1 cxb6 24. b5 a5 25. Rd1 Be6 26. Ra4 Qg4 27. h3 Qg5 28. Bc1
h5 29. Bxf4 Qxf4 30. Nxh5 Qxe5 31. Qa1 Rxd1+ 32. Qxd1 Rc8 33. Bb3 1/2-1/2

[Event "29. Schweinfurt Open"]
[Site "Schweinfurt"]
[Date "2019.06.22"]
[Round "4.31"]
[White "Buld, Lukas"]
[Black "Burzler, Fabian"]
[Result "1-0"]
[WhiteElo "1227"]
[BlackElo "890"]
[PlyCount "101"]
[EventDate "2019.??.??"]
[WhiteTeam "SC Knetzgau"]
[BlackTeam "SC Prichsenstadt / SW"]

1. d4 Nf6 2. Nf3 g6 3. e3 Bg7 4. c3 d6 5. Bd3 O-O 6. Nbd2 Re8 7. O-O e5 8. Ne4
Bf5 9. Nxf6+ Qxf6 10. e4 Bd7 11. Bb1 h6 12. dxe5 Qe6 13. exd6 cxd6 14. Re1 Bc6
15. Bf4 Rd8 16. e5 Bxf3 17. Qxf3 Nc6 18. Be4 dxe5 19. Bxc6 bxc6 20. h3 Qd5 21.
Qxd5 cxd5 22. Bxe5 Bxe5 23. Rxe5 Rab8 24. b3 Re8 25. Rxd5 Rbd8 26. Rad1 Rxd5
27. Rxd5 Re2 28. Ra5 Re1+ 29. Kh2 Re2 30. f3 Rc2 31. c4 Kg7 32. Rxa7 g5 33. a4
Rc3 34. Rb7 Rc2 35. Rb4 h5 36. a5 g4 37. hxg4 hxg4 38. fxg4 Ra2 39. Ra4 Rb2 40.
b4 Kg6 41. a6 Rd2 42. b5 Kg5 43. a7 Kxg4 44. a8=Q Rd3 45. Qe8 f5 46. Qe2+ Rf3
47. c5+ f4 48. Qxf3+ Kg5 49. Rxf4 Kg6 50. Qg3+ Kh5 51. Rh4# 1-0

[Event "29. Schweinfurt Open"]
[Site "Schweinfurt"]
[Date "2019.06.22"]
[Round "4.32"]
[White "Bokov, Igor"]
[Black "Roth, Claudia"]
[Result "0-1"]
[WhiteElo "796"]
[BlackElo "1052"]
[PlyCount "58"]
[EventDate "2019.??.??"]
[WhiteTeam "SK Schweinfurt 2000"]
[BlackTeam "Spvgg Stetten"]

1. e4 e5 2. Nf3 Nc6 3. Nc3 Nf6 4. Nd5 Bc5 5. Nxf6+ Qxf6 6. c3 O-O 7. b4 Bb6 8.
Bb2 d6 9. g3 a5 10. b5 Ne7 11. c4 Bg4 12. Bg2 Qe6 13. d3 f5 14. exf5 Nxf5 15.
Qd2 Nd4 16. Ng5 Qf6 17. O-O h6 18. Bxb7 Rae8 19. Bd5+ Ne6 20. Nxe6 Rxe6 21.
Bxe6+ Bxe6 22. Rad1 Qf3 23. Qe3 Bxe3 24. fxe3 Qxe3+ 25. Kg2 Rxf1 26. Rxf1 Qe2+
27. Rf2 Qxd3 28. Rf3 Qxc4 29. Rb3 Qe2+ 0-1

[Event "29. Schweinfurt Open"]
[Site "Schweinfurt"]
[Date "2019.06.22"]
[Round "5.1"]
[White "Stadler, Andreas"]
[Black "Peschel, Andreas"]
[Result "0-1"]
[WhiteElo "2025"]
[BlackElo "2170"]
[PlyCount "110"]
[EventDate "2019.??.??"]
[WhiteTeam "SK München Südost"]
[BlackTeam "SG Solingen"]

1. c4 Nf6 2. d4 e5 3. dxe5 Ng4 4. e3 Nxe5 5. Nc3 Bb4 6. Bd2 c6 7. f4 Ng6 8. Bd3
Qh4+ 9. g3 Qe7 10. Qc2 Na6 11. a3 Ba5 12. Nf3 d6 13. O-O-O Bg4 14. Rdf1 Bxc3
15. Qxc3 Nc5 16. Bc2 f6 17. h3 Bxf3 18. Rxf3 Ne4 19. Qd4 Nxd2 20. Qxd2 O-O-O
21. e4 Qf7 22. Qc3 Ne7 23. Rd1 c5 24. e5 dxe5 25. fxe5 Nc6 26. exf6 Nd4 27. Rf2
Qxf6 28. Qe1 Qa6 29. Qc3 Rhf8 30. Rg2 Rf3 31. Rd3 Qh6+ 32. Kb1 Rf1+ 33. Bd1
Qxh3 34. Rgd2 Qf5 35. Ka2 Qf7 36. b3 b6 37. Be2 Rf2 38. Bg4+ Kc7 39. b4 Rxd2+
40. Rxd2 Qg6 41. Bd1 Nc6 42. Rxd8 Kxd8 43. Qd2+ Kc7 44. bxc5 Qxg3 45. Ba4 Qe5
46. cxb6+ axb6 47. Bxc6 Kxc6 48. Qd8 Qe6 49. Kb3 Kb7 50. Qd4 Qe7 51. Qd5+ Ka7
52. a4 g6 53. a5 bxa5 54. Qxa5+ Kb8 55. Qd5 Qb7+ 0-1

[Event "29. Schweinfurt Open"]
[Site "Schweinfurt"]
[Date "2019.06.22"]
[Round "5.2"]
[White "Minor, Viatcheslav"]
[Black "Weise, Martin"]
[Result "1-0"]
[WhiteElo "2032"]
[BlackElo "2122"]
[PlyCount "69"]
[EventDate "2019.??.??"]
[WhiteTeam "SV Eisenach"]
[BlackTeam "SC Fulda"]

1. e4 e6 2. d3 d5 3. Nd2 Nf6 4. Ngf3 c5 5. g3 Nc6 6. Bg2 Be7 7. O-O O-O 8. e5
Nd7 9. Re1 Qc7 10. Qe2 b5 11. Nf1 Bb7 12. h4 Rfc8 13. Bf4 Qd8 14. N1h2 b4 15.
h5 h6 16. Ng4 Qf8 17. Qd2 Kh7 18. Rab1 a5 19. Ne3 a4 20. c4 bxc3 21. bxc3 Ba6
22. c4 d4 23. Ng4 Bd8 24. Qe2 Ba5 25. Red1 Kh8 26. Nd2 Rab8 27. Ne4 Rxb1 28.
Rxb1 Rb8 29. Rxb8 Qxb8 30. Nd6 Nd8 31. Bxh6 gxh6 32. Nxh6 Kg7 33. Qg4+ Kxh6 34.
Nxf7+ Nxf7 35. Qg6# 1-0

[Event "29. Schweinfurt Open"]
[Site "Schweinfurt"]
[Date "2019.06.22"]
[Round "5.3"]
[White "Maar, Samuel"]
[Black "Kornitzky, Tino"]
[Result "1/2-1/2"]
[WhiteElo "1966"]
[BlackElo "2098"]
[PlyCount "48"]
[EventDate "2019.??.??"]
[WhiteTeam "Sfr. Bad Emstal/Wolfhagen"]
[BlackTeam "FC Bayern München"]

1. e4 e5 2. Nf3 Nc6 3. Bc4 Bc5 4. c3 Nf6 5. d3 d6 6. h3 h6 7. Bb3 O-O 8. O-O a6
9. Re1 Ba7 10. Nbd2 Re8 11. Nf1 Be6 12. Bc2 d5 13. exd5 Nxd5 14. Ne3 Nf4 15.
Nc4 Bxc4 16. dxc4 Qf6 17. Re4 Rad8 18. Bd2 Ne6 19. Qe2 Nc5 20. Re3 Nd7 21. Re4
Nc5 22. Re3 a5 23. Re1 Ne6 24. Re4 Nc5 1/2-1/2

[Event "29. Schweinfurt Open"]
[Site "Schweinfurt"]
[Date "2019.06.22"]
[Round "5.4"]
[White "Eichenauer, Pascal"]
[Black "Bussard, Christian"]
[Result "0-1"]
[WhiteElo "1822"]
[BlackElo "2285"]
[PlyCount "72"]
[EventDate "2019.??.??"]
[WhiteTeam "SV Würzburg"]
[BlackTeam "SG Niederkassel"]

1. d4 Nf6 2. c4 e6 3. Nc3 Bb4 4. Nf3 O-O 5. e3 b6 6. Bd3 Bb7 7. O-O Bxc3 8.
bxc3 d6 9. Re1 Ne4 10. Qc2 f5 11. Nd2 Qf6 12. f4 Nxd2 13. Bxd2 Nd7 14. e4 Qg6
15. Re3 fxe4 16. Bxe4 Bxe4 17. Qxe4 Qxe4 18. Rxe4 Rae8 19. Rae1 Kf7 20. R1e2 d5
21. cxd5 exd5 22. Rxe8 Rxe8 23. Kf2 Nf6 24. h3 Ne4+ 25. Ke1 Re6 26. Kd1 h5 27.
g4 hxg4 28. hxg4 Rh6 29. Kc2 Rh3 30. Rg2 c6 31. Be1 Rf3 32. f5 b5 33. Re2 Rf1
34. Bd2 Ra1 35. Kb2 Rg1 36. g5 Nxd2 0-1

[Event "29. Schweinfurt Open"]
[Site "Schweinfurt"]
[Date "2019.06.22"]
[Round "5.5"]
[White "Kuhn, Norbert"]
[Black "Wiener, Horst"]
[Result "1/2-1/2"]
[WhiteElo "2045"]
[BlackElo "1943"]
[PlyCount "72"]
[EventDate "2019.??.??"]
[WhiteTeam "SV Würzburg"]
[BlackTeam "SK Schweinfurt 2000"]

1. e4 d6 2. d4 Nf6 3. Nc3 g6 4. f4 c5 5. dxc5 Qa5 6. Bd3 Qxc5 7. Qe2 Bg4 8. Nf3
Nc6 9. Be3 Qh5 10. O-O Qa5 11. Kh1 Bg7 12. Bd2 O-O 13. Rad1 Rac8 14. h3 Nd4 15.
Qf2 Nxf3 16. gxf3 Be6 17. f5 Bc4 18. Bxc4 Rxc4 19. Nd5 Qd8 20. Bc3 Nxd5 21.
Bxg7 Kxg7 22. Rxd5 e6 23. Rd4 Qb6 24. Rfd1 e5 25. R4d2 Qxf2 26. Rxf2 gxf5 27.
Rxd6 fxe4 28. b3 Rd4 29. Rg2+ Kh8 30. Rxd4 exd4 31. fxe4 f5 32. Rf2 f4 33. Kg1
Kg7 34. Kg2 Kg6 35. Kf3 Kg5 36. Ke2 Rc8 1/2-1/2

[Event "29. Schweinfurt Open"]
[Site "Schweinfurt"]
[Date "2019.06.22"]
[Round "5.6"]
[White "Langguth, Rolf"]
[Black "Helm, Timo"]
[Result "1/2-1/2"]
[WhiteElo "1927"]
[BlackElo "2109"]
[PlyCount "96"]
[EventDate "2019.??.??"]
[WhiteTeam "SK Schweinfurt 2000"]
[BlackTeam "SC Bad Königshofen / NES"]

1. Nf3 e6 2. c4 d5 3. d4 Nf6 4. e3 Nbd7 5. Nc3 c6 6. Be2 Bd6 7. Qc2 O-O 8. e4
dxe4 9. Nxe4 Nxe4 10. Qxe4 Nf6 11. Qc2 h6 12. O-O Qe7 13. Ne5 c5 14. Be3 b6 15.
f4 cxd4 16. Bxd4 Bb7 17. Bf3 Rac8 18. Rac1 Rfd8 19. Qe2 Bc5 20. Be3 Bxf3 21.
Qxf3 Rd2 22. Rf2 Qd6 23. Kf1 Bxe3 24. Qxe3 Rd4 25. Re2 Rd8 26. Qf3 Rd2 27. Qe3
Rd1+ 28. Re1 Rxc1 29. Rxc1 Qd2 30. Qxd2 Rxd2 31. c5 bxc5 32. Rxc5 Rxb2 33. Ra5
Nd5 34. g3 f6 35. Nc6 Nc3 36. a3 Rxh2 37. Rxa7 Ra2 38. Nd4 e5 39. fxe5 fxe5 40.
Nf5 g6 41. Nxh6+ Kf8 42. Rf7+ Ke8 43. Rg7 e4 44. Rxg6 Ke7 45. Nf5+ Kf7 46. Ra6
Nb1 47. Nd6+ Ke7 48. Nxe4 Rxa3 1/2-1/2

[Event "29. Schweinfurt Open"]
[Site "Schweinfurt"]
[Date "2019.06.22"]
[Round "5.7"]
[White "Bombe, Bernhard"]
[Black "Lang, Stefan"]
[Result "1/2-1/2"]
[WhiteElo "1845"]
[BlackElo "2094"]
[PlyCount "107"]
[EventDate "2019.??.??"]
[WhiteTeam "SK Tarrasch München"]
[BlackTeam "SK Bad Neustadt"]

1. e4 c5 2. a3 e6 3. b4 d5 4. exd5 Qxd5 5. Nc3 Qe5+ 6. Be2 a6 7. Nf3 Qc7 8. O-O
Nf6 9. Bb2 Nbd7 10. Re1 cxb4 11. axb4 Bxb4 12. Ra4 Be7 13. Nb5 Qb8 14. Qa1 b6
15. Nbd4 Nc5 16. Bb5+ Bd7 17. Bxd7+ Nfxd7 18. Ra2 Qb7 19. Nb5 O-O-O 20. Nc3 a5
21. d4 Na6 22. Nb5 Nb4 23. Ba3 Nb8 24. Bxb4 Bxb4 25. c3 Be7 26. Ne5 Rhf8 27.
Nc4 Rd5 28. Rb1 Kd8 29. Rxa5 Nc6 30. Ra8+ Kd7 31. Ne5+ Rxe5 32. Rxf8 Rxb5 33.
Rxf7 Rg5 34. g3 Nd8 35. Rf4 Bd6 36. Rh4 h6 37. Qb2 Bc7 38. f4 Rg6 39. Qb4 Rf6
40. c4 Qf3 41. Qd2 Nf7 42. Rf1 Qc6 43. Qd3 Nd6 44. Rc1 Nf5 45. Rh3 Qd6 46. Rd1
Ke8 47. Qe4 Ke7 48. Rd3 Qb4 49. g4 Nd6 50. Qc6 Qe1+ 51. Kg2 Qe2+ 52. Kg1 Qe1+
53. Kg2 Qe2+ 54. Kg1 1/2-1/2

[Event "29. Schweinfurt Open"]
[Site "Schweinfurt"]
[Date "2019.06.22"]
[Round "5.8"]
[White "Hohner, Karl-Heinz"]
[Black "Milovanovic, Milos"]
[Result "0-1"]
[WhiteElo "1806"]
[BlackElo "2025"]
[PlyCount "82"]
[EventDate "2019.??.??"]
[WhiteTeam "(vls) Kronach"]
[BlackTeam "SF Gottmadingen"]

1. e4 c5 2. c3 d5 3. exd5 Qxd5 4. d4 Nc6 5. Nf3 Bf5 6. Be2 e6 7. O-O Nf6 8. Qa4
Bxb1 9. Rxb1 Qe4 10. Be3 Nd5 11. Bb5 Nxe3 12. fxe3 Rc8 13. Rbe1 a6 14. Bxc6+
Qxc6 15. Qc2 f6 16. Kh1 Be7 17. e4 cxd4 18. Nxd4 Qc4 19. Qb3 Qxb3 20. axb3 Kf7
21. e5 f5 22. Rd1 Rhd8 23. b4 Rd5 24. Nf3 Rcd8 25. Rxd5 Rxd5 26. h3 g5 27. g4
h6 28. gxf5 exf5 29. Nd4 f4 30. Nf5 Bf8 31. Re1 Kg6 32. Nd4 Bxb4 33. e6 Be7 34.
Kg2 Kf6 35. Kf3 Re5 36. Rxe5 Kxe5 37. Kg4 Kf6 38. Kh5 Bc5 39. Nf3 Kxe6 40. Kxh6
Be7 41. Kg6 b5 0-1

[Event "29. Schweinfurt Open"]
[Site "Schweinfurt"]
[Date "2019.06.22"]
[Round "5.9"]
[White "Schmitz, Wolfgang"]
[Black "Schrutka, Friedrich"]
[Result "1-0"]
[WhiteElo "2017"]
[BlackElo "1794"]
[PlyCount "59"]
[EventDate "2019.??.??"]
[WhiteTeam "SC Prichsenstadt"]
[BlackTeam "SF Bad Kissingen"]

1. e4 c5 2. Nf3 Nc6 3. d4 cxd4 4. Nxd4 g6 5. Nc3 Bg7 6. Be3 Nf6 7. Nxc6 bxc6 8.
e5 Nd5 9. Nxd5 cxd5 10. Qxd5 Rb8 11. Bc4 O-O 12. O-O Qc7 13. f4 Bb7 14. Qd3
Rfc8 15. Bb3 Qc6 16. Rf2 d6 17. e6 Bxb2 18. exf7+ Kf8 19. Rd1 Qe4 20. Bxa7 Ra8
21. Bd4 Qxd3 22. Rxd3 Bxd4 23. Rxd4 Ra5 24. g4 Rcc5 25. f5 Re5 26. f6 e6 27.
Rxd6 Re1+ 28. Rf1 Rxf1+ 29. Kxf1 Ba6+ 30. Kf2 1-0

[Event "29. Schweinfurt Open"]
[Site "Schweinfurt"]
[Date "2019.06.22"]
[Round "5.10"]
[White "Perez Celis, Alba"]
[Black "Reinl, Fred"]
[Result "1/2-1/2"]
[WhiteElo "1822"]
[BlackElo "1961"]
[PlyCount "49"]
[EventDate "2019.??.??"]
[WhiteTeam "SV Malchow / NES"]
[BlackTeam "SK Schweinfurt 2000"]

1. e4 e6 2. d3 d5 3. Nd2 c5 4. Ngf3 Nc6 5. g3 Nf6 6. Bg2 Qc7 7. O-O Bd6 8. Re1
O-O 9. Nf1 d4 10. Bg5 Nd7 11. h4 f6 12. Bd2 Nde5 13. N3h2 Qf7 14. f4 Nd7 15. h5
Ne7 16. h6 gxh6 17. Ng4 Qg6 18. f5 exf5 19. Nxh6+ Kh8 20. exf5 Nxf5 21. Nxf5
Qxf5 22. Be4 Qh3 23. Bg2 Qf5 24. Be4 Qh3 25. Bg2 1/2-1/2

[Event "29. Schweinfurt Open"]
[Site "Schweinfurt"]
[Date "2019.06.22"]
[Round "5.11"]
[White "Roth, Jakob"]
[Black "Peuckert, Ruediger"]
[Result "1-0"]
[WhiteElo "1888"]
[BlackElo "1783"]
[PlyCount "77"]
[EventDate "2019.??.??"]
[WhiteTeam "Spvgg Stetten"]
[BlackTeam "SK Schweinfurt 2000"]

1. d4 Nf6 2. c4 e6 3. Nc3 d5 4. cxd5 exd5 5. Bg5 Be7 6. e3 c6 7. Bd3 Be6 8. Qc2
h6 9. Bh4 Nbd7 10. Nge2 O-O 11. O-O Bd6 12. Bg3 Bxg3 13. Nxg3 Re8 14. Rad1 Bg4
15. f3 Bh5 16. Rde1 Nf8 17. Qf2 Bg6 18. Bxg6 Nxg6 19. Rd1 Qc7 20. e4 dxe4 21.
fxe4 Rad8 22. e5 Nd5 23. Nf5 Rf8 24. Qg3 Kh7 25. h4 Rg8 26. Ne4 Nge7 27. Nfd6
f6 28. Qd3 f5 29. Nxf5 Nxf5 30. Rxf5 g6 31. Rf2 Rgf8 32. Rdf1 Rxf2 33. Rxf2 Qe7
34. h5 Nb4 35. hxg6+ Kh8 36. Qh3 Qg7 37. Rf7 Qxg6 38. Nf6 Rxd4 39. Qc8+ 1-0

[Event "29. Schweinfurt Open"]
[Site "Schweinfurt"]
[Date "2019.06.22"]
[Round "5.12"]
[White "Blank, Stefan"]
[Black "Krenz, Dieter"]
[Result "0-1"]
[WhiteElo "1752"]
[BlackElo "1927"]
[PlyCount "64"]
[EventDate "2019.??.??"]
[WhiteTeam "SC Sulzbach"]
[BlackTeam "SC Prichsenstadt"]

1. e4 Nf6 2. d3 e5 3. Nf3 Nc6 4. Be2 g6 5. O-O Bg7 6. h3 O-O 7. c3 Re8 8. b4 b6
9. a4 Bb7 10. Qc2 d6 11. Re1 a5 12. b5 Ne7 13. Nbd2 Qd7 14. Bf1 Nh5 15. Nc4 f5
16. Qa2 Kh8 17. Ng5 Rf8 18. Ne3 Ng8 19. Ne6 Rf7 20. Nxg7 Nxg7 21. Nd5 Raf8 22.
exf5 Nxf5 23. Ne3 Nf6 24. Bb2 Nxe3 25. Rxe3 Nd5 26. Re2 Qf5 27. Rd1 Nf4 28.
Red2 Nxh3+ 29. Kh2 Nxf2 30. Be2 Qf4+ 31. Kg1 Nxd1 32. Bxd1 Qxd2 0-1